Holidays Venn Diagram Quiz Stats

 Plays Quiz not verified by Sporcle

Score 0/8 Timer 02:00
2 Plays Today
% Correct
Halloween
85.5%
Mother's Day
84.1%
Thanksgiving
82.3%
Earth Day
79.5%
MLK Jr. Day
72.8%
Guy Fawkes Night
71.6%
Valentine's Day
64.8%
Columbus Day
61.6%

You're not logged in!

Compare scores with friends on all Sporcle quizzes.
OR
Log In

You Might Also Like...

Show Comments

Extras

Top Quizzes Today


Score Distribution

Your Account Isn't Verified!

In order to create a playlist on Sporcle, you need to verify the email address you used during registration. Go to your Sporcle Settings to finish the process.

Report this User

Report this user for behavior that violates our Community Guidelines.

Details: